Amsterdam / Regency Enterprises presents ; a New ... Read More
Available copies
- 3 of 5 copies available at LARL/NWRL Consortium.
- 3 of 4 copies available at Lake Agassiz Regional Library. (Show preferred library)
Current holds
0 current holds with 5 total copies.
Show Only Available Copies
| Location | Call Number / Copy Notes | Barcode | Shelving Location | Status | Due Date |
|---|---|---|---|---|---|
| Climax Public Library | DVD AMS (Text) | 33500013725890 | Main | Available | - |
| Detroit Lakes Public Library | DVD AMS (Text) | 33500013722525 | Main | Available | - |
| McIntosh Public Library | DVD AMS (Text) | 33500013725908 | Main | Checked out | 05/19/2026 |
| Moorhead Public Library | DVD AMS (Text) | 33500013722533 | Main | Available | - |
| Warroad Public Library | DVD AMS (Text) | 35500006369563 | Main | Checked out | 05/19/2026 |
Record details
- Physical Description: 1 videodisc (approximately 134 min.) : sound, ... Read More
- Publisher: [Los Angeles, CA] : 20th Century Studios, [2022]
Content descriptions
| General Note: | Originally released as a motion picture in 2022. Wide screen (2.39:1). |
| Creation/Production Credits Note: | Director of photography, Emmanuel Lubezki ; ... Read More |
| Participant or Performer Note: | Christian Bale, Margot Robbie, John David ... Read More |
| Summary, etc.: | In the 1930s, three friends witness a murder, are ... Read More |
| Target Audience Note: | MPA rating: R; for brief violence and bloody ... Read More |
| System Details Note: | DVD, wide screen (2.39:1); 5.1 Dolby digtital; 2.0 ... Read More |
| Language Note: | English, French or Spanish dialogue; French or ... Read More |
Search for related items by subject
| Subject: | Witnesses > Drama. False arrest > Drama. Conspiracies > Drama. |
| LDR | 05149cgm a2201069 i 4500 | ||
|---|---|---|---|
| 001 | 404852 | ||
| 003 | LARL_NWRL_CONSORTIUM | ||
| 005 | 20221216162242.0 | ||
| 007 | vd cvaizq | ||
| 008 | 221108s2022 cau134 e vleng d | ||
| 024 | 1 | . | ‡a786936895261 |
| 024 | 1 | . | ‡a786936895278 |
| 028 | 4 | 2. | ‡a238153 ‡b20th Century Studios ‡q(container) |
| 028 | 4 | 2. | ‡a8100175 ‡b20th Century Studios ‡q(container) |
| 028 | 4 | 2. | ‡a8100160 ‡b20th Century Studios ‡q(disc) |
| 035 | . | ‡a(OCoLC)1350453916 | |
| 037 | . | ‡bMidwest Tape ‡nhttp://www.midwesttapes.com | |
| 040 | . | ‡aTEFMT ‡beng ‡erda ‡cTEFMT ‡dTEF ‡dTEFMT ‡dOCLCF ‡dINO ‡dE3V | |
| 041 | 1 | . | ‡aeng ‡afre ‡aspa ‡jfre ‡jspa ‡peng ‡qeng ‡heng |
| 046 | . | ‡k2022 ‡2edtf | |
| 082 | 0 | 4. | ‡a791.43/72 ‡223/eng/20221109 |
| 245 | 0 | 0. | ‡aAmsterdam / ‡cRegency Enterprises presents ; a New Regency and DreamCrew Entertainment, Keep Your Head and Corazon Camera production ; written and directed by David O. Russell ; produced by Arnon Milchan, Matthew Budman, Anthony Katagas, David O. Russell, Christian Bale. |
| 257 | . | ‡aUnited States ‡2naf. | |
| 264 | 1. | ‡a[Los Angeles, CA] : ‡b20th Century Studios, ‡c[2022] | |
| 300 | . | ‡a1 videodisc (approximately 134 min.) : ‡bsound, color ; ‡c4 3/4 in. | |
| 336 | . | ‡atwo-dimensional moving image ‡btdi ‡2rdacontent. | |
| 337 | . | ‡avideo ‡bv ‡2rdamedia. | |
| 338 | . | ‡avideodisc ‡bvd ‡2rdacarrier. | |
| 344 | . | ‡adigital ‡2rdatr. | |
| 344 | . | ‡boptical ‡2rdarm. | |
| 344 | . | ‡gsurround ‡2rdacpc. | |
| 344 | . | ‡hDolby digital 5.1. | |
| 347 | . | ‡avideo file ‡2rdaft. | |
| 347 | . | ‡bDVD video. | |
| 380 | . | ‡aMotion pictures ‡2lcgft. | |
| 538 | . | ‡aDVD, wide screen (2.39:1); 5.1 Dolby digtital; 2.0 described video (English), | |
| 546 | . | ‡aEnglish, French or Spanish dialogue; French or Spanish subtitles; English subtitles for the deaf and hard of hearing (SDH); English described video. | |
| 511 | 1 | . | ‡aChristian Bale, Margot Robbie, John David Washington, Alessandro Nivola, Andrea Riseborough, Anya Taylor-Joy, Chris Rock, Matthias Schoenaerts, Michael Shannon, Mike Myers, Taylor Swift, Timothy Olyphant, Zoe Salda©ła, Rami Malek, Robert De Niro. |
| 508 | . | ‡aDirector of photography, Emmanuel Lubezki ; editor, Jay Cassidy ; music, Daniel Pemberton. | |
| 500 | . | ‡aOriginally released as a motion picture in 2022. | |
| 500 | . | ‡aWide screen (2.39:1). | |
| 521 | 8 | . | ‡aMPA rating: R; for brief violence and bloody images. |
| 520 | . | ‡aIn the 1930s, three friends witness a murder, are framed for it, and uncover one of the most outrageous plots in American history. | |
| 650 | 0. | ‡aWitnesses ‡vDrama. | |
| 650 | 0. | ‡aFalse arrest ‡vDrama. | |
| 650 | 0. | ‡aConspiracies ‡vDrama. ‡0(LARL_NWRL_CONSORTIUM)164469 | |
| 655 | 7. | ‡aCrime films. ‡2fast ‡0(LARL_NWRL_CONSORTIUM)175788 | |
| 655 | 7. | ‡aDrama. ‡2fast | |
| 655 | 7. | ‡aFeature films. ‡2fast ‡0(LARL_NWRL_CONSORTIUM)175625 | |
| 655 | 7. | ‡aHistorical films. ‡2fast ‡0(LARL_NWRL_CONSORTIUM)175673 | |
| 655 | 7. | ‡aThrillers (Motion pictures) ‡2fast ‡0(LARL_NWRL_CONSORTIUM)175789 | |
| 655 | 7. | ‡aVideo recordings for people with visual disabilities. ‡2fast ‡0(LARL_NWRL_CONSORTIUM)175745 | |
| 655 | 7. | ‡aVideo recordings for the hearing impaired. ‡2fast ‡0(LARL_NWRL_CONSORTIUM)175744 | |
| 655 | 7. | ‡aThrillers (Motion pictures) ‡2lcgft. ‡0(LARL_NWRL_CONSORTIUM)175789 | |
| 655 | 7. | ‡aCrime films. ‡2lcgft. ‡0(LARL_NWRL_CONSORTIUM)175788 | |
| 655 | 7. | ‡aHistorical films. ‡2lcgft. ‡0(LARL_NWRL_CONSORTIUM)175673 | |
| 655 | 7. | ‡aComedy films. ‡2lcgft. ‡0(LARL_NWRL_CONSORTIUM)175650 | |
| 655 | 7. | ‡aFeature films. ‡2lcgft. ‡0(LARL_NWRL_CONSORTIUM)175625 | |
| 655 | 7. | ‡aFiction films. ‡2lcgft. ‡0(LARL_NWRL_CONSORTIUM)175626 | |
| 655 | 7. | ‡aVideo recordings for the hearing impaired. ‡2lcgft. ‡0(LARL_NWRL_CONSORTIUM)175744 | |
| 655 | 7. | ‡aVideo recordings for people with visual disabilities. ‡2lcgft. ‡0(LARL_NWRL_CONSORTIUM)175745 | |
| 700 | 1 | . | ‡aRussell, David O., ‡d1958- ‡efilm director, ‡escreenwriter, ‡efilm producer. ‡0(LARL_NWRL_CONSORTIUM)124389 |
| 700 | 1 | . | ‡aMilchan, Arnon, ‡d1944- ‡efilm producer. |
| 700 | 1 | . | ‡aBudman, Matthew ‡c(Producer), ‡efilm producer. |
| 700 | 1 | . | ‡aKatagas, Anthony, ‡efilm producer. ‡0(LARL_NWRL_CONSORTIUM)214935 |
| 700 | 1 | . | ‡aBale, Christian, ‡d1974- ‡efilm producer, ‡eactor. ‡0(LARL_NWRL_CONSORTIUM)146391 |
| 700 | 1 | . | ‡aRobbie, Margot, ‡d1990- ‡eactor. |
| 700 | 1 | . | ‡aWashington, John David, ‡d1984- ‡eactor. |
| 700 | 1 | . | ‡aNivola, Alessandro, ‡eactor. ‡0(LARL_NWRL_CONSORTIUM)136369 |
| 700 | 1 | . | ‡aRiseborough, Andrea, ‡d1981- ‡eactor. |
| 700 | 1 | . | ‡aTaylor-Joy, Anya, ‡d1996- ‡eactor. |
| 700 | 1 | . | ‡aRock, Chris, ‡eactor. ‡0(LARL_NWRL_CONSORTIUM)123849 |
| 700 | 1 | . | ‡aSchoenaerts, Matthias, ‡d1977- ‡eactor. |
| 700 | 1 | . | ‡aShannon, Michael, ‡d1974- ‡eactor. ‡0(LARL_NWRL_CONSORTIUM)210894 |
| 700 | 1 | . | ‡aMyers, Mike, ‡d1963- ‡eactor. ‡0(LARL_NWRL_CONSORTIUM)108377 |
| 700 | 1 | . | ‡aSwift, Taylor, ‡d1989- ‡eactor. ‡0(LARL_NWRL_CONSORTIUM)156834 |
| 700 | 1 | . | ‡aOlyphant, Timothy, ‡eactor. ‡0(LARL_NWRL_CONSORTIUM)149444 |
| 700 | 1 | . | ‡aSaldana, Zoe, ‡d1978- ‡eactor. |
| 700 | 1 | . | ‡aMalek, Rami, ‡eactor. ‡0(LARL_NWRL_CONSORTIUM)212448 |
| 700 | 1 | . | ‡aDe Niro, Robert, ‡eactor. ‡0(LARL_NWRL_CONSORTIUM)85608 |
| 710 | 2 | . | ‡aRegency Enterprises, ‡epresenter. ‡0(LARL_NWRL_CONSORTIUM)140204 |
| 710 | 2 | . | ‡aNew Regency (Firm), ‡eproduction company. ‡0(LARL_NWRL_CONSORTIUM)149536 |
| 710 | 2 | . | ‡aDreamCrew Entertainment, ‡eproduction company. |
| 710 | 2 | . | ‡aKeep Your Head Productions, ‡eproduction company. |
| 710 | 2 | . | ‡aCorazon Camera (Firm), ‡eproduction company. |
| 710 | 2 | . | ‡a20th Century Studios, ‡epublisher. |
| 730 | 0 | 2. | ‡iContainer of (work): ‡aAmsterdam (Motion picture) |
| 730 | 0 | 2. | ‡iContainer of (expression): ‡aAmsterdam (Motion picture). ‡lFrench. |
| 730 | 0 | 2. | ‡iContainer of (expression): ‡aAmsterdam (Motion picture). ‡lSpanish. |
| 901 | . | ‡a404852 ‡bOCoLC ‡c404852 ‡tbiblio ‡soclc | |

Add to basket
Permalink
Disable Highlighting